000 00333nam a22001217a 4500
040 _cHS
082 _a630
100 _aអ៊ុក គុណកា
245 _aAgricultural exension ផ្សព្វផ្សាយកសិកម្ម
260 _aCambodia
_bអ៊ុក គុណកា
_c1999
300 _a162p;
942 _cKB
999 _c9652
_d9652